Proceedings of the XVIth International Congress of Applied Psychology
Guardat en:
| Format: | Llibre |
|---|---|
| Idioma: | anglès |
| Publicat: |
Amsterdam
Swets & Zeitlinger
1969
|
| Matèries: | |
| Etiquetes: |
Afegir etiqueta
Sense etiquetes, Sigues el primer a etiquetar aquest registre!
|
MARC
| LEADER | 00000nam a2200000 a 4500 | ||
|---|---|---|---|
| 001 | UCZ7309 | ||
| 003 | CL-VaPUC | ||
| 005 | 20230911121721.0 | ||
| 008 | 951228e19690000ne 1 eng d | ||
| 082 | 0 | 4 | |a 158 |b PRO |2 21 |
| 245 | 1 | 0 | |a Proceedings of the XVIth International Congress of Applied Psychology |
| 260 | |a Amsterdam |b Swets & Zeitlinger |c 1969 | ||
| 300 | |a 858 p | ||
| 500 | |a General theme: Interaction of theory and practice in psychology | ||
| 583 | |a last modification |c 19951228 00:00:00 |k Rodrigo Vera | ||
| 650 | 0 | 0 | |a Psicología aplicada |9 270762 |
| 650 | 0 | 7 | |a CIENCIAS DEL COMPORTAMIENTO |2 CL-VaPUC |9 617465 |
| 650 | 0 | 0 | |a Psicología industrial |9 271739 |
| 650 | 0 | 0 | |a Ética |9 255099 |
| 650 | 0 | 0 | |a Psicología social |9 222894 |
| 650 | 0 | 0 | |a Creatividad |9 310816 |
| 650 | 0 | 0 | |a Psicología educacional |9 307830 |
| 650 | 0 | 7 | |a PSICOTERAPIA |2 CL-VaPUC |9 617466 |
| 650 | 0 | 0 | |a Psicología clínica |9 307259 |
| 650 | 0 | 0 | |a Condiciones de trabajo |9 359118 |
| 650 | 0 | 7 | |a ERGONOMIA |2 CL-VaPUC |9 357101 |
| 650 | 0 | 0 | |a Psicología del desarrollo |9 307541 |
| 942 | |c BK | ||
| 945 | |a cmena |d 19951228 00:00:00 | ||
| 546 | |a En Inglés | ||
| 518 | |p International Congress of Applied Psychology, 26, Amsterdam, 18 al 22 de Agosto de 1968 | ||
| 999 | |c 382484 |d 382482 | ||
| 952 | |0 0 |1 0 |4 0 |6 158_000000000000000_PRO_1969 |7 0 |8 P |9 504208 |a BIBEDU |b BIBEDU |c BIBEDU_PB |d 2020-01-23 |i 1611925 |o 158 PRO 1969 |p 1611925 |r 2024-01-25 |w 2020-01-23 |y BK |k EDU | ||